000 00306nam a22001337a 4500
008 170216b xxu||||| |||| 00| 0 eng d
020 _a9780965878890
041 _aeng
080 _a61
100 _a4
101 _aSHM
245 _aHARWARD MEDICAL SCHOOL FAMILY HEALTH GUIDE
_cKOMAROFF
942 _2udc
_cBK
999 _c5669
_d5669